000 00681nam a2200193 i 4500
001 32203
003 ES-MaACL
005 20250806062524.0
007 t|
008 030130s1984 sp ||||1| spa d
100 1 _aBernardo de Quiros, Francisco.
_928294
245 1 0 _aObras
_b: aventuras de Don Fruela /
_cFrancisco Bernardo de Quiros ; edición, introducción y notas de Celsa Carmen García Valdés.
260 _aMadrid :
_bInstituto de Estudios Madrileños,
_c1984.
300 _a394 p. ;
_c22 cm.
700 1 _aGarcía Valdés, Celsa Carmen.
_955359
710 2 _aInstituto de Estudios Madrileños
_94916
852 _aES-MaACL
_jL-8017
_bR.108401
999 _c32203
_d32203